00459nam a2200157Ia 4500008004100000020001800041082001700059100002100076245007500097250000700172260004000179300002300219500001900242600002000261650002000281240925s9999 xx 000 0 und d a9780670087624 a332.4973 PRA aPrasad, Eswar S. 4aThe Dollar Trap: how to us dollar tightened its grip on global finance aNA aNew York:bJohn Wiley& Sonsc,2014. a309p.b0fOriginal aIncludes Index aSocial Sciences aSocial Sciences